000 00575nam a2200217 a 4500
005 20151123032639.0
008 140220b1994 ck ||||| |||| 00| 0 spa d
040 _aCO-BoIAVH
_cCO-BoIAVH
041 _aspa
044 _ack
090 _aLB
_b00246
100 _aRangel Ch., J. Orlando
_942565
245 _aClima de la costa pacífica
260 _aBogotá
_bICN
_c1994?
300 _a39 p.
650 _aInventarios floristicos
_97117
650 _aClima
_942566
650 _aBosque húmedo tropical
_93501
700 _aAguilar P., Mauricio
_942567
942 _cINFORME
_2z
999 _c266
_d266